Nacho/ (Registro nro. 14661)

000 -CABECERA
campo de control de longitud fija 01237nam a22003137a 4500
003 - IDENTIFICADOR DEL NÚMERO DE CONTROL
campo de control OSt
005 - FECHA Y HORA DE LA ÚLTIMA TRANSACCIÓN
campo de control 20230301184208.0
008 - DATOS DE LONGITUD FIJA--INFORMACIÓN GENERAL
campo de control de longitud fija 141005b2012 sp a|||g|||| 00| 01sspad
020 ## - NÚMERO INTERNACIONAL ESTÁNDAR DEL LIBRO
Número Internacional Estándar del Libro 9788426351258
040 ## - FUENTE DE LA CATALOGACIÓN
Centro catalogador/agencia de origen CO-BoRNBP
Lengua de catalogación spa
Normas de descripción rda
Centro/agencia transcriptor CO-MqBPB
084 ## - OTRO NÚMERO DE CLASIFICACIÓN
Número de clasificación A SLE1
100 1# - ENTRADA PRINCIPAL--NOMBRE DE PERSONA
Nombre de persona Slegers, Liesbet
Fechas asociadas al nombre 1975-
9 (RLIN) 3290
245 10 - MENCIÓN DE TÍTULO
Título Nacho/
Resto del título Tiene una pesadilla.
Mención de responsabilidad, etc. Liesbet Slegers
264 ## - PRODUCCIÓN, PUBLICACIÓN, DISTRIBUCIÓN, FABRICACIÓN Y COPYRIGHT
Producción, publicación, distribución, fabricación y copyright Zaragoza
-- Bogotá
Nombre del de productor, editor, distribuidor, fabricante Edelvives
Fecha de producción, publicación, distribución, fabricación o copyright 2013
300 ## - DESCRIPCIÓN FÍSICA
Extensión [28] páginas sin enumerar
Otras características físicas ilustraciones a color
Dimensiones 26 cm
Tipo de unidad Tapa dura
336 ## - TIPO DE CONTENIDO
Término de tipo de contenido texto
Código de tipo de contenido txt
Fuente rdacontent
337 ## - TIPO DE MEDIO
Nombre/término del tipo de medio sin mediación
Código del tipo de medio n
Fuente rdamedia
338 ## - TIPO DE SOPORTE
Nombre/término del tipo de soporte volumen
Código del tipo de soporte nc
Fuente rdacarrier
521 ## - NOTA DE PÚBLICO DESTINATARIO
Nota de público destinatario Recomendado para niños desde los 3 años
534 ## - NOTA SOBRE LA VERSIÓN ORIGINAL
Mención de título del original Karel
650 14 - PUNTO DE ACCESO ADICIONAL DE MATERIA--TÉRMINO DE MATERIA
Fuente del encabezamiento o término LEMB
Término de materia o nombre geográfico como elemento de entrada Álbumes infantiles belgas
Subdivisión cronológica Siglo XX
9 (RLIN) 3291
650 14 - PUNTO DE ACCESO ADICIONAL DE MATERIA--TÉRMINO DE MATERIA
Fuente del encabezamiento o término LEMB
Término de materia o nombre geográfico como elemento de entrada Literatura infantil belga
Subdivisión cronológica Siglo XX
9 (RLIN) 15624
650 14 - PUNTO DE ACCESO ADICIONAL DE MATERIA--TÉRMINO DE MATERIA
Fuente del encabezamiento o término LEMB
Término de materia o nombre geográfico como elemento de entrada Vida cotidiana en la literatura
9 (RLIN) 7540
650 14 - PUNTO DE ACCESO ADICIONAL DE MATERIA--TÉRMINO DE MATERIA
Fuente del encabezamiento o término LEMB
Término de materia o nombre geográfico como elemento de entrada Niños en la literatura
9 (RLIN) 504
650 14 - PUNTO DE ACCESO ADICIONAL DE MATERIA--TÉRMINO DE MATERIA
Fuente del encabezamiento o término LEMB
Término de materia o nombre geográfico como elemento de entrada Libros ilustrados para niños
9 (RLIN) 16
700 1# - PUNTO DE ACCESO ADICIONAL--NOMBRE DE PERSONA
Nombre de persona Turrión, Celia
Término indicativo de función/relación traductor
9 (RLIN) 89306
830 ## - PUNTO DE ACCESO ADICIONAL DE SERIE-TÍTULO UNIFORME
Título uniforme Colección para la Primera Infancia del Ministerio de Cultura, Plan Nacional de Lectura y Escritura Leer es mi cuento, Primera Infancia 2012
9 (RLIN) 89307
942 ## - ELEMENTOS DE PUNTO DE ACCESO ADICIONAL (KOHA)
Tipo de ítem Koha Libro Literatura
Fuente del sistema de clasificación o colocación
Existencias
Estado de retiro Estado de pérdida Fuente del sistema de clasificación o colocación Estado dañado No para préstamo Código de colección Localización permanente Ubicación/localización actual Fecha de adquisición Fuente de adquisición Total de préstamos Signatura topográfica completa Código de barras Fecha visto por última vez Fecha del último préstamo Número de copia Precio válido a partir de Tipo de ítem Koha Nota pública
          Literatura Infantil Biblioteca Pública San Juan Bosco Biblioteca Pública San Juan Bosco 04/01/2023 Compra 5 A SLE1 MOS502829 10/04/2026 27/05/2025 Ej 1 04/01/2023 Libro Literatura Quince dias

© Todos los derechos reservados para la Biblioteca Pública Municipal San Juan Bosco, 2020
Secretaria de Cultura de Mosquera
Carrera 3 N° 10 Esquina Centro Cultural Barrio El Carmén Teléfono: 8270830 Ext: 34
Funcionando con KOHA
Contacto: Biblioteca Pública Municipal San Juan Bosco/ bibliotecasanjuanbosco@mosquera-cundinamarca.gov.co
Mosquera, Cundinamarca